000 01213cam a2200373 i 4500
001 46757
003 KOSZ 005
005 20220909104728.0
008 051012s2004 pl a |000 0 pol
020 _a8388771450
040 _cKOSZ 005
_aKOSZ 005
_dKOSZ 005/HR
041 0 _apol
046 _k2004
080 _a338.26(438)
080 _a711.2(438)
245 0 0 _aEkonomiczne aspekty gospodarki przestrzennej.
_nT. 1 /
_cpod red. Teresy Łaguny.
260 _aBiałystok :
_b"Ekonomia i Środowisko",
_c2004.
300 _a392 s. :
_bwykr. ;
_c24 cm.
336 _2rdacontent
_aTekst
_btxt
337 _2rdamedia
_aBez urządzenia pośredniczącego
_bn
338 _2rdacarrier
_aWolumin
_bnc
380 _aKsiążki
388 _a2001-
504 _aBibliogr. przy rozdz.
648 7 _a2001-
650 4 _aPlanowanie przestrzenne
650 9 _aPlanowanie gospodarcze
651 7 _aPolska
658 _aArchitektura i budownictwo
658 _aGospodarka, ekonomia, finanse
700 1 _aŁaguna, Teresa Maria
_d(1945- )
_eRedakcja
856 _uhttp://koha.tu.koszalin.pl/cgi-bin/koha/opac-detail.pl?biblionumber=46757
_yKatalog online BPK
942 _cKS
_2UKD
999 _c46757
_d46757